Tecnicas de Atraçao e Acolhimento em Recursos Humanos (o acolhimento e Integraçao dos novos regrutados ) (Record no. 2208)

MARC details
000 -Etiqueta do registo
Campo de controlo de comprimento fixo 00525 a2200157 4500
020 ## - ISBN (NÚMERO DE LIVRO PADRÃO INTERNACIONAL)
ISBN N/S
040 ## - Fonte de Catalogação
Agência de catalogação Biblioteca Geral- Universidade Lusíada de Angola
082 ## - DEWEY DECIMAL CLASSIFICATION NUMBER
Número de classificação 658
100 ## - Nome Pessoal
9 (RLIN) 1036
Autor Carochinho, Jos Ǎntn̤io Baiô
245 ## - Declaração de Título
Título Tecnicas de Atraȧo e Acolhimento em Recursos Humanos (o acolhimento e Integraȧo dos novos regrutados )
260 ## - Publicação e Destribuíção
Local de edição/distribuição Luanda,
Editor/distribuidor Universidade Lusiada
Data de edição/distribuição 2020.
300 ## - Descrição Física
Nº Pág. 16p
650 ## - MATERIA
MATERIA Recursos Humanos
670 ## - Acceso eletrónico
Acceso electrónico <a href="https://drive.google.com/file/d/1jgfurWYG9ILK91yGZ8PS3jlG7ACJ8Z6e/view?usp=sharing">https://drive.google.com/file/d/1jgfurWYG9ILK91yGZ8PS3jlG7ACJ8Z6e/view?usp=sharing</a>
942 ## - - Elementos de entrada adicionados (koha)
Tipo de documento Livros eletrônicos
Holdings
Withdrawn status Lost status Source of classification or shelving scheme Damaged status Not for loan Permanent Location Current Location Date acquired Inventory number Total Checkouts Full call number Barcode Date last seen Uniform Resource Identifier Price effective from Koha item type
    Dewey Decimal Classification     Biblioteca Geral- Universidade Lusíada de Angola Biblioteca Geral- Universidade Lusíada de Angola 17/04/2026 13(1)   658.3 2026-0122 17/04/2026 https://drive.google.com/file/d/1jgfurWYG9ILK91yGZ8PS3jlG7ACJ8Z6e/view?usp=sharing 17/04/2026 Livros eletrônicos